| 000 | 00705nam a22001577a 4500 | ||
|---|---|---|---|
| 003 | OSt | ||
| 005 | 20151231100131.0 | ||
| 008 | 151231b xxu||||| |||| 00| 0 eng d | ||
| 040 | _cRUA | ||
| 082 | _aLMA THO 2007 B295 Or.1 | ||
| 100 |
_95838 _aTHORN, VINA. |
||
| 245 | _astudy on land conflict solving mechanism in adjudication in steng sen district, kampong thom province (សិក្សាអំពីដំណោះស្រាយវិវាទដីធ្លីក្នុងតំបន់វិនិច្ច័យ នៅស្រុកស្ទឹងសែន ខេត្តកំពង់ស្ពឺ) | ||
| 260 |
_aPhnom Penh _bRUA _c2007 |
||
| 300 |
_ax, 48p. _bill. _c29cm. |
||
| 942 |
_2ddc _cLMA |
||
| 999 |
_c5436 _d5436 |
||